Dragon Language Quiz (Skyrim) - Statistics

General Stats
  • This quiz has been taken 697 times
  • The average score is 7 of 18
Answer Stats
Hint Answer % Correct
Dovah Dragon
96%
Dovahkiin Dragonborn
89%
Fus Force
88%
Thu'um Shout
76%
Yol Fire
72%
Dah Push
68%
Kiin Born
46%
Iiz Ice
34%
Fo Frost
22%
Dov Dragonkind
15%
Mun Man
14%
Keizaal Skyrim
12%
Al Destroyer
9%
Nir Hunt
7%
Bron Nord
7%
Kogaan Blessing
6%
Haas Health
5%
Rotmulaag Words of power
4%
No matching quizzes found
Score Distribution
Percent of People with Each Score
Percentile by Number Answered
Your Score History
You have not taken this quiz